Normal view
MARC view
- Accounting.
Entry Topical Term
001 - CONTROL NUMBER
- control field: 41755
003 - CONTROL NUMBER IDENTIFIER
- control field: OSt
005 - DATE AND TIME OF LATEST TRANSACTION
- control field: 20200303145530.0
008 - FIXED-LENGTH DATA ELEMENTS
- fixed length control field: 200303|| aca||aabn | a|a d
040 ## - CATALOGING SOURCE
- Original cataloging agency: OSt
- Transcribing agency: OSt
150 ## - HEADING--TOPICAL TERM
- Topical term or geographic name entry element: Accounting.
670 ## - SOURCE DATA FOUND
- Source citation: Work cat.: (OSt)14525: 40139 Uche, Chinyere O., Accounting for rituals and ritualization: The case of shareholdres' associations/, ©Mar 2012-Sept 2015.
